[Event "C.to Provinciale TO"]
[Site "Torino ITA"]
[Date "2016.02.02"]
[Round "2"]
[White "Plenzick, Angelo"]
[Black "De Vito, Gianmarco"]
[WhiteElo "1703"]
[BlackElo "1580"]
[Result "1-0"]
[PlyCount "151"]
[EventDate "2016.01.26"]

1. f4 d5 2. Nf3 Nc6 3. e3 Nf6 4. Bb5 a6 5. Bxc6+ bxc6 6. b3 e6 7. Bb2 Bc5 8.
O-O O-O 9. Kh1 Re8 10. Ne5 Bb7 11. Qe1 Nd7 12. Ng4 f6 13. Qg3 Qe7 14. d3 Bd6
15. Nd2 Kh8 16. Rae1 a5 17. a4 e5 18. Nf3 exf4 19. exf4 Qf7 20. Bc3 Bb4 21.
Bxb4 axb4 22. Qh3 Rxe1 23. Rxe1 Re8 24. Qg3 Re7 25. Nd4 Qe8 26. Rxe7 Qxe7 27.
Qe3 Qxe3 28. Nxe3 Nb8 29. Ne6 Na6 30. Nf5 g6 31. Ne7 c5 32. Kg1 c4 33. dxc4
dxc4 34. f5 Be4 35. fxg6 hxg6 36. bxc4 c5 37. Nd5 Bxc2 38. a5 b3 39. Nc3 g5 40.
Na4 Bd3 41. Nb2 Bf5 42. Nd8 Kg7 43. Nb7 Kf8 44. Nd6 Be6 45. Ne4 Ke7 46. Kf2 g4
47. Nd2 Kd6 48. Nxb3 Kc6 49. Ke3 f5 50. Kf4 Bc8 51. h4 gxh3 52. gxh3 Kd6 53. h4
Ke7 54. Na4 Be6 55. Nbxc5 Nxc5 56. Nxc5 Bxc4 57. a6 Bxa6 58. Nxa6 Kf6 59. h5
Kg7 60. Kxf5 Kh6 61. Kg4 Kh7 62. Nc5 Kh6 63. Ne4 Kh7 64. Kg5 Kg7 65. Nd6 Kh7
66. Nf5 Kg8 67. Kh6 Kh8 68. Nh4 Kg8 69. Ng6 Kf7 70. Kh7 Kf6 71. h6 Kf7 72. Nf4
Kf8 73. Ne6+ Kf7 74. Nd8+ Kf8 75. Kh8 Ke8 76. Kg7 1-0

[Event "C.to Provinciale TO"]
[Site "Torino ITA"]
[Date "2016.02.02"]
[Round "2"]
[White "Tondo, Stefano"]
[Black "Eandi, Arnaldo"]
[WhiteElo "1663"]
[BlackElo "1676"]
[Result "0-1"]
[PlyCount "24"]
[EventDate "2016.01.26"]

1. d4 Nf6 2. Nc3 e6 3. Bg5 Bb4 4. e4 h6 5. Bxf6 Qxf6 6. Nf3 Nc6 7. a3 Bxc3+ 8.
bxc3 O-O 9. Be2 e5 10. O-O d6 11. Rb1 Rb8 12. h3 Qg6 0-1

[Event "C.to Provinciale TO"]
[Site "Torino ITA"]
[Date "2016.02.09"]
[Round "3"]
[White "De Vito, Gianmarco"]
[Black "Liviabella, Lucio"]
[WhiteElo "1580"]
[BlackElo "1581"]
[Result "1-0"]
[PlyCount "81"]
[EventDate "2016.01.26"]

1. d4 f5 2. Bf4 Nf6 3. c4 e6 4. e3 Bb4+ 5. Nc3 Ne4 6. Rc1 O-O 7. Nf3 g5 8. Bg3
b6 9. Be2 Bb7 10. O-O Nxg3 11. fxg3 g4 12. Ne5 d6 13. Nd3 Bxc3 14. Rxc3 Qg5 15.
Kf2 Nd7 16. c5 Nf6 17. Kg1 Qxe3+ 18. Nf2 Qg5 19. cxb6 Nd5 20. Rxc7 Nxc7 21.
bxc7 f4 22. Bxg4 Bd5 23. Nh3 Qg7 24. Nxf4 Rf6 25. Re1 Raf8 26. Nxd5 exd5 27.
c8=Q Rxc8 28. Bxc8 Qf7 29. Rf1 Qg6 30. Rxf6 Qxf6 31. Qg4+ Kf8 32. Qf5 Ke7 33.
Qxf6+ Kxf6 34. Kf2 h6 35. Ke3 Kg5 36. Be6 Kf6 37. Bxd5 Ke7 38. Kf4 Kf6 39. Bb3
Ke7 40. d5 Kd7 41. Kg4 1-0

[Event "C.to Provinciale TO"]
[Site "Torino ITA"]
[Date "2016.02.09"]
[Round "3"]
[White "Di Chiara, Mauro"]
[Black "Leoni, Alessandro"]
[WhiteElo "1936"]
[BlackElo "1937"]
[Result "1/2-1/2"]
[PlyCount "156"]
[EventDate "2016.01.26"]

1. Nf3 Nf6 2. c4 g6 3. Nc3 Bg7 4. e4 d6 5. d4 O-O 6. Be2 Nc6 7. O-O e5 8. d5
Ne7 9. Ne1 Ne8 10. Be3 f5 11. f3 f4 12. Bf2 g5 13. a4 a5 14. c5 Ng6 15. Nb5 Nf6
16. Rc1 Rf7 17. cxd6 cxd6 18. Qc2 b6 19. Nc7 Rb8 20. Ne6 Bxe6 21. dxe6 Re7 22.
Qb3 Kh8 23. Rc6 Nf8 24. Bc4 Reb7 25. Nc2 Ng8 26. Rd1 Ne7 27. Rcxd6 Qc7 28. Na3
b5 29. Nxb5 Qc8 30. Qa2 Nc6 31. Rxc6 Qxc6 32. Bd5 Qc2 33. Qa1 Re7 34. Rc1 Qe2
35. Rc6 Bf6 36. b3 h5 37. Bc5 Rg7 38. e7 Nd7 39. Ba7 Re8 40. Nd6 Rexe7 41. Nf5
g4 42. Rc8+ Kh7 43. Qf1 gxf3 44. Qxf3 Qe1+ 45. Qf1 Bh4 46. Qxe1 Bxe1 47. Nxe7
Rxe7 48. Kf1 Bb4 49. Rc7 Kg6 50. Bc6 Nf6 51. Rxe7 Bxe7 52. h3 Bb4 53. Bb8 Bc3
54. Ke2 Kg5 55. Bc7 Kh4 56. Kf3 Kg5 57. Bd8 Bb4 58. h4+ Kg6 59. Bc7 Bc3 60. Ke2
Ng4 61. Be8+ Kh6 62. Kd3 Be1 63. Bd8 Ne3 64. Bg5+ Kh7 65. Bxh5 Nxg2 66. Bf6
Nxh4 67. Bxe5 f3 68. Ke3 f2 69. Ke2 Kh6 70. Bg4 Kg5 71. Bh3 Ng6 72. Bc7 Nf4+
73. Bxf4+ Kxf4 74. Bg2 Kg3 75. Kf1 Kh2 76. e5 Kg3 77. e6 Bb4 78. Bh3 Kh2
1/2-1/2

[Event "C.to Provinciale TO"]
[Site "Torino ITA"]
[Date "2016.02.18"]
[Round "3"]
[White "Eandi, Arnaldo"]
[Black "Zenere, Gabriele"]
[WhiteElo "1676"]
[BlackElo "1806"]
[Result "0-1"]
[PlyCount "66"]
[EventDate "2016.01.26"]

1. e4 c5 2. Nf3 Nc6 3. d4 cxd4 4. Nxd4 g6 5. Nc3 Bg7 6. Be3 Nf6 7. f3 O-O 8.
Qd2 d5 9. Nxc6 bxc6 10. exd5 cxd5 11. Rd1 Bb7 12. Bb5 Qc7 13. O-O Rfd8 14. Qf2
e5 15. Bg5 h6 16. Bh4 g5 17. Bg3 Nh5 18. Ba4 Kh8 19. Rfe1 d4 20. Nb5 Qa5 21. b3
Nf4 22. Na3 Rac8 23. Qd2 Qxd2 24. Rxd2 Bf8 25. Nc4 Bb4 26. Red1 Bxd2 27. Rxd2
f6 28. Be1 Nd5 29. Rd3 Ba6 30. Ba5 Rg8 31. Bd7 Rc5 32. Be1 Rd8 33. Be6 Nf4 0-1

[Event "C.to Provinciale TO"]
[Site "Torino ITA"]
[Date "2016.02.09"]
[Round "3"]
[White "Femia, Nicola"]
[Black "Plenzick, Angelo"]
[WhiteElo "1835"]
[BlackElo "1703"]
[Result "1-0"]
[PlyCount "99"]
[EventDate "2016.01.26"]

1. e4 c6 2. d4 d5 3. e5 Bf5 4. Nf3 e6 5. Be2 Ne7 6. O-O Nd7 7. c3 Qb6 8. Nbd2
c5 9. Nb3 c4 10. Nbd2 h6 11. h3 Nc6 12. Nh2 Be7 13. Kh1 Qc7 14. f4 b5 15. Ndf3
a5 16. a3 O-O 17. Qe1 b4 18. Bd2 bxa3 19. bxa3 a4 20. Nh4 Be4 21. Qg3 Kh7 22.
N2f3 Na5 23. f5 exf5 24. Bf4 Nb3 25. e6 Qd8 26. exd7 Nxa1 27. Rxa1 Qxd7 28. Be5
f6 29. Qg6+ Kh8 30. Bf4 Bd6 31. Bxd6 Qxd6 32. Nxf5 Qd7 33. N3h4 Ra7 34. Bf3 Bd3
35. Qg4 Re8 36. Qh5 Kh7 37. Qg6+ Kh8 38. Bxd5 Re2 39. Bf3 Rb2 40. Re1 Rb1 41.
Rxb1 Bxb1 42. Qg4 Qe8 43. Qg3 Kh7 44. Nd6 Qb8 45. Be4+ Bxe4 46. Nxe4 Qb1+ 47.
Kh2 Qxe4 48. Nf3 Qd3 49. h4 Qxc3 50. Ng5+ 1-0

[Event "C.to Provinciale TO"]
[Site "Torino ITA"]
[Date "2016.02.09"]
[Round "3"]
[White "Gussone, Claudio"]
[Black "Longo, Enrico"]
[WhiteElo "1752"]
[BlackElo "1756"]
[Result "1/2-1/2"]
[PlyCount "113"]
[EventDate "2016.01.26"]

1. Nf3 c5 2. g3 b6 3. Bg2 Bb7 4. O-O Nf6 5. c4 e6 6. d4 d6 7. e3 Be7 8. Nc3 O-O
9. b3 Nbd7 10. Bb2 Rc8 11. Qe2 Re8 12. Rfd1 a6 13. dxc5 Nxc5 14. Nd4 Bxg2 15.
Kxg2 Qc7 16. Qf3 Rcd8 17. b4 Nb7 18. Nc6 Rc8 19. b5 Na5 20. Nxa5 bxa5 21. Rac1
Qb8 22. Qe2 axb5 23. cxb5 d5 24. a4 Qb7 25. f3 Nd7 26. e4 dxe4 27. Nxe4 Nb6 28.
Nc3 Rc4 29. Ra1 Rec8 30. Rdc1 Bf6 31. Ne4 Be7 32. Rxc4 Rxc4 33. Nc3 Bb4 34. Qd3
Qc7 35. Rc1 h6 36. Na2 Rxc1 37. Bxc1 Nxa4 38. Nxb4 axb4 39. Qb3 Qxc1 40. Qxa4
Qb2+ 41. Kh3 b3 42. b6 Qa2 43. Qe8+ Kh7 44. b7 b2 45. b8=Q b1=Q 46. Qxb1+ Qxb1
47. Qxf7 Qf5+ 48. Qxf5+ exf5 49. Kg2 Kg6 50. h4 Kh5 51. Kf2 Kg6 52. Ke3 Kf6 53.
Kd4 Ke6 54. Ke3 Ke5 55. h5 Ke6 56. Kf4 Kf6 57. g4 1/2-1/2

[Event "C.to Provinciale TO"]
[Site "Torino ITA"]
[Date "2016.02.09"]
[Round "3"]
[White "Manni, Stefano"]
[Black "Fassio, Francesco"]
[WhiteElo "2018"]
[BlackElo "1557"]
[Result "1-0"]
[PlyCount "45"]
[EventDate "2016.01.26"]

1. d4 d5 2. c4 c6 3. cxd5 cxd5 4. Nf3 Nf6 5. Nc3 Nc6 6. Bf4 e6 7. e3 Bd6 8. Ne5
a6 9. Bd3 O-O 10. Nxc6 bxc6 11. Bxd6 Qxd6 12. O-O c5 13. Na4 c4 14. Bc2 Nd7 15.
e4 f6 16. Re1 Bb7 17. Nc3 Rfe8 18. exd5 exd5 19. Bxh7+ Kf8 20. Qh5 Rxe1+ 21.
Rxe1 Qf4 22. Bf5 Qd6 23. Bg6 1-0

[Event "C.to Provinciale TO"]
[Site "Torino ITA"]
[Date "2016.02.09"]
[Round "3"]
[White "Parisi, Gianmario"]
[Black "Malano, Francesco"]
[WhiteElo "1783"]
[BlackElo "1878"]
[Result "1/2-1/2"]
[PlyCount "129"]
[EventDate "2016.01.26"]

1. e4 Nf6 2. d3 e5 3. Nf3 Nc6 4. g3 Bc5 5. Bg2 d6 6. O-O O-O 7. c3 Bb6 8. Nbd2
Re8 9. Nc4 Bg4 10. Nxb6 axb6 11. Bg5 h6 12. Be3 Qd7 13. Re1 d5 14. Qc2 d4 15.
Bd2 Rad8 16. c4 Ra8 17. a3 Ra7 18. b4 Qe6 19. Qb2 Rea8 20. Nh4 g5 21. Nf3 Nd7
22. h4 f6 23. hxg5 hxg5 24. Nh2 Bh5 25. Qc1 Kh7 26. f3 Rg8 27. g4 Bg6 28. Kf2
Raa8 29. Nf1 Kg7 30. Ng3 Rh8 31. Qb2 Rh4 32. Rh1 Rah8 33. Rxh4 Rxh4 34. Rh1
Rxh1 35. Bxh1 Qg8 36. Qc1 Qh7 37. Bg2 Ne7 38. Qh1 Qxh1 39. Bxh1 Be8 40. Nf5+
Kf7 41. Nxe7 Kxe7 42. Bg2 Nf8 43. Bf1 Ne6 44. Ke1 Ba4 45. Bc1 Kd6 46. Kd2 Nf4
47. Bb2 Kc6 48. Bc1 b5 49. c5 b6 50. cxb6 Kxb6 51. Bb2 c5 52. bxc5+ Kxc5 53.
Bc1 Kb6 54. Bb2 Ka5 55. Kc1 Bb3 56. Kd2 Ka4 57. Bc1 b4 58. axb4 Kxb4 59. Ke1
Ne6 60. Bd2+ Ka4 61. Be2 Nc5 62. Bc1 Kb4 63. Bd2+ Ka3 64. Bc1+ Kb4 65. Bb2
1/2-1/2

[Event "C.to Provinciale TO"]
[Site "Torino ITA"]
[Date "2016.02.09"]
[Round "3"]
[White "Saponaro, Elisa"]
[Black "Tondo, Stefano"]
[WhiteElo "1609"]
[BlackElo "1663"]
[Result "0-1"]
[PlyCount "64"]
[EventDate "2016.01.26"]

1. d4 Nf6 2. c4 c5 3. d5 e6 4. Nc3 exd5 5. cxd5 d6 6. Nf3 Bf5 7. e3 Nbd7 8. Be2
h6 9. O-O Be7 10. Nd2 O-O 11. e4 Bh7 12. Bd3 Ne5 13. Bc2 Nfd7 14. b3 Bf6 15.
Bb2 Re8 16. Rc1 Qa5 17. Bb1 b5 18. a4 a6 19. f4 Ng6 20. Qc2 Bd4+ 21. Kh1 Be3
22. f5 Nge5 23. Rce1 Bg5 24. Nf3 Nxf3 25. Rxf3 Ne5 26. Rff1 c4 27. Ba2 Nd3 28.
Rb1 Nxb2 29. Rxb2 Bf6 30. b4 Qb6 31. Rd1 Qe3 32. axb5 Bxc3 0-1

[Event "C.to Provinciale TO"]
[Site "Torino ITA"]
[Date "2016.02.16"]
[Round "4"]
[White "D'India, Bruno"]
[Black "Gussone, Claudio"]
[WhiteElo "1758"]
[BlackElo "1752"]
[Result "1-0"]
[PlyCount "111"]
[EventDate "2016.01.26"]

1. d4 Nf6 2. c4 g6 3. Nc3 Bg7 4. e4 d6 5. Bd3 Nc6 6. Nge2 e5 7. d5 Ne7 8. h3
O-O 9. O-O Nd7 10. Ng3 a6 11. Bg5 Qe8 12. Rc1 f6 13. Be3 f5 14. exf5 gxf5 15.
Qh5 Nf6 16. Qxe8 Rxe8 17. Bd2 e4 18. Be2 Ng6 19. Nh5 Nxh5 20. Bxh5 Bf6 21. Rfe1
Re7 22. Bxg6 hxg6 23. f3 exf3 24. gxf3 Bd7 25. Rxe7 Bxe7 26. Ne2 Kf7 27. f4 Bh4
28. Be1 Bf6 29. Bc3 g5 30. Bxf6 Kxf6 31. Kf2 Re8 32. Rg1 g4 33. h4 b5 34. Rc1
Re4 35. c5 dxc5 36. Rxc5 Rc4 37. Rxc4 bxc4 38. Ng3 Be8 39. Ke3 c5 40. dxc6 Bxc6
41. Kd4 Bb5 42. h5 Ke6 43. h6 Kf6 44. h7 Kg7 45. h8=Q+ Kxh8 46. Nxf5 Kh7 47.
Ng3 Kg6 48. Ke5 Kf7 49. f5 Ba4 50. f6 Bd7 51. Ne4 Bb5 52. Nd6+ Kg6 53. Ke6 Bc6
54. f7 Bd5+ 55. Kxd5 Kg7 56. Kxc4 1-0

[Event "C.to Provinciale TO"]
[Site "Torino ITA"]
[Date "2016.02.16"]
[Round "4"]
[White "Fassio, Francesco"]
[Black "De Vito, Gianmarco"]
[WhiteElo "1557"]
[BlackElo "1580"]
[Result "1-0"]
[PlyCount "61"]
[EventDate "2016.01.26"]

1. Nf3 d5 2. d4 Nc6 3. c4 e6 4. Nc3 Nf6 5. Bg5 Be7 6. e3 O-O 7. a3 Re8 8. Bd3
b6 9. O-O Bb7 10. b4 dxc4 11. Bxc4 Ng4 12. Bxe7 Nxe7 13. Be2 a5 14. b5 Qd6 15.
g3 e5 16. dxe5 Qh6 17. e4 Ne3 18. Qd7 Nxf1 19. Bxf1 Rac8 20. Rd1 Ng6 21. Nd5
Nf8 22. Qf5 Bxd5 23. exd5 Qg6 24. Qf4 Qc2 25. Rc1 Qb3 26. Bc4 Qxa3 27. Ng5 Rxe5
28. d6 Ng6 29. Qxf7+ Kh8 30. Qg8+ Rxg8 31. Nf7# 1-0

[Event "C.to Provinciale TO"]
[Site "Torino ITA"]
[Date "2016.02.16"]
[Round "4"]
[White "Leoni, Alessandro"]
[Black "Finocchiaro, Gianluca"]
[WhiteElo "1937"]
[BlackElo "2023"]
[Result "0-1"]
[PlyCount "120"]
[EventDate "2016.01.26"]

1. e4 d5 2. exd5 Qxd5 3. Nc3 Qa5 4. d4 Nf6 5. Nf3 c6 6. Ne5 Bf5 7. g4 Bg6 8. h4
Be4 9. Nc4 Qc7 10. Nxe4 Nxe4 11. Qf3 Nd6 12. Bf4 e6 13. O-O-O Qd8 14. Bg5 Be7
15. Qf4 Nxc4 16. Bxc4 Qd6 17. Qxd6 Bxd6 18. Rhe1 h6 19. Bd2 Nd7 20. Bd3 O-O-O
21. Ba5 Bf4+ 22. Kb1 Bc7 23. Bxc7 Kxc7 24. Be2 Nf6 25. Bf3 g5 26. h5 Rd6 27. c3
Rhd8 28. Kc2 b6 29. b4 c5 30. bxc5 bxc5 31. dxc5 Rxd1 32. Rxd1 Rxd1 33. Kxd1
Nd7 34. c6 Ne5 35. Be2 Kxc6 36. Kd2 f5 37. f3 Kd5 38. Ke3 f4+ 39. Kd2 Nc4+ 40.
Kc2 e5 41. Kd3 a5 42. Kc2 a4 43. Kd3 Ne3 44. c4+ Nxc4 45. Kc3 Ne3 46. Bd3 Kc5
47. Bg6 Nd5+ 48. Kd3 Nf6 49. a3 e4+ 50. Bxe4 Nxe4 51. Kxe4 Kc4 52. Kf5 Kb3 53.
Kg6 Kxa3 54. Kxh6 Kb3 55. Kg7 a3 56. h6 a2 57. h7 a1=Q+ 58. Kg8 Qa8+ 59. Kg7
Qxf3 60. h8=Q Qb7+ 0-1

[Event "C.to Provinciale TO"]
[Site "Torino ITA"]
[Date "2016.02.16"]
[Round "4"]
[White "Liviabella, Lucio"]
[Black "Saponaro, Elisa"]
[WhiteElo "1581"]
[BlackElo "1609"]
[Result "0-1"]
[PlyCount "68"]
[EventDate "2016.01.26"]

1. e4 c6 2. Bc4 d5 3. exd5 cxd5 4. Bb3 e5 5. Qe2 Nc6 6. a3 Nf6 7. d3 h6 8. Nc3
Be6 9. Nf3 Bd6 10. Nb5 Qa5+ 11. Nc3 O-O 12. Bd2 Rac8 13. Ne4 Qd8 14. Nxd6 Qxd6
15. Ba4 a5 16. Bxc6 Rxc6 17. Bxa5 Re8 18. Bb4 Qb8 19. O-O Bf5 20. h3 Bh7 21.
Rac1 e4 22. dxe4 Bxe4 23. Qd1 Nh5 24. Nd4 Rg6 25. g4 Nf4 26. f3 Nxh3+ 27. Kh1
Qg3 28. Qd2 Rxg4 29. fxe4 Rexe4 30. Nf5 Qe5 31. Bd6 Qe6 32. Qh2 Ng5 33. Bg3 Re2
34. Qh5 Qe4+ 0-1

[Event "C.to Provinciale TO"]
[Site "Torino ITA"]
[Date "2016.02.16"]
[Round "4"]
[White "Longo, Enrico"]
[Black "Femia, Nicola"]
[WhiteElo "1756"]
[BlackElo "1835"]
[Result "0-1"]
[PlyCount "118"]
[EventDate "2016.01.26"]

1. e4 c5 2. Nf3 d6 3. d4 cxd4 4. Nxd4 Bd7 5. Nc3 a6 6. Be3 Nf6 7. f3 g6 8. Qd2
Nc6 9. Nb3 Bg7 10. Be2 O-O 11. O-O Rc8 12. Rad1 b5 13. a3 Ne5 14. Bh6 Nc4 15.
Bxc4 Rxc4 16. Bxg7 Kxg7 17. Ne2 Qc7 18. c3 Rc8 19. Qe3 e5 20. Rf2 Be6 21. Nd2
Rc6 22. Ng3 h6 23. Re1 a5 24. Ne2 Qb7 25. g4 Bxg4 26. Rg2 Be6 27. Ng3 Qb6 28.
h4 Qxe3+ 29. Rxe3 Kh7 30. Ne2 Bc4 31. Nc1 Nh5 32. Nxc4 Rxc4 33. Nd3 f5 34. Ree2
f4 35. Rd2 Ng3 36. Kh2 Kg7 37. Kg1 Kf7 38. Nf2 Ke6 39. Ng4 b4 40. axb4 axb4 41.
Rxg3 fxg3 42. Kg2 bxc3 43. bxc3 Rxc3 44. Kxg3 h5 45. Nf2 Rf8 46. Rd3 Rxd3 47.
Nxd3 Rc8 48. Nb4 Rc5 49. Nd3 Rc4 50. Nf2 d5 51. exd5+ Kxd5 52. Nh3 Ra4 53. Ng5
Ra1 54. Ne4 Kd4 55. Kf2 Ra2+ 56. Kg3 Ke3 57. Nf6 Rd2 58. Ne4 Rd1 59. Ng5 Rg1+
0-1

[Event "C.to Provinciale TO"]
[Site "Torino ITA"]
[Date "2016.02.16"]
[Round "4"]
[White "Malano, Francesco"]
[Black "Manni, Stefano"]
[WhiteElo "1878"]
[BlackElo "2018"]
[Result "1-0"]
[PlyCount "33"]
[EventDate "2016.01.26"]

1. d4 d5 2. Nf3 Nf6 3. c4 c6 4. e3 e6 5. b3 Bd6 6. Bd3 Nbd7 7. Bb2 O-O 8. O-O
b6 9. Nbd2 Bb7 10. Ne5 Rc8 11. Qf3 c5 12. Qh3 dxc4 13. Ndxc4 Be7 14. Rad1 cxd4
15. Nxd7 Qxd7 16. Bxd4 e5 17. Bf5 1-0

[Event "C.to Provinciale TO"]
[Site "Torino ITA"]
[Date "2016.02.16"]
[Round "4"]
[White "Plenzick, Angelo"]
[Black "Eandi, Arnaldo"]
[WhiteElo "1703"]
[BlackElo "1676"]
[Result "0-1"]
[PlyCount "112"]
[EventDate "2016.01.26"]

1. f4 d5 2. Nf3 e6 3. e3 c5 4. b3 Nc6 5. Bb5 Qb6 6. Bxc6+ bxc6 7. Bb2 Ba6 8. d3
c4 9. d4 Nf6 10. Nc3 cxb3 11. axb3 Bb4 12. Nd2 Bb5 13. Nxb5 Qxb5 14. c3 Bxc3
15. Bxc3 Qd3 16. Rc1 Qxe3+ 17. Qe2 Qxf4 18. Qe5 Qxe5+ 19. dxe5 Nd7 20. O-O c5
21. Nf3 O-O 22. b4 c4 23. Ra1 Rfb8 24. Ng5 Rf8 25. Rf2 h6 26. Nf3 f6 27. Rfa2
fxe5 28. Nxe5 Nxe5 29. Bxe5 Rf5 30. Bc3 e5 31. Rxa7 Rxa7 32. Rxa7 d4 33. Rc7
dxc3 34. Rxc4 Rf4 35. Rxc3 Rxb4 36. Rf3 e4 37. Rf4 g5 38. Rf1 Kg7 39. h3 h5 40.
Kh2 Kg6 41. Kg1 e3 42. g3 Rd4 43. Kg2 g4 44. h4 Rd2+ 45. Kg1 e2 46. Re1 Kf5 47.
Kf2 Ke5 48. Ke3 Ra2 49. Kf2 Kd4 50. Rxe2 Rxe2+ 51. Kxe2 Ke4 52. Kf2 Kd3 53. Kf1
Ke3 54. Kg2 Ke2 55. Kg1 Kf3 56. Kh2 Kf2 0-1

[Event "C.to Provinciale TO"]
[Site "Torino ITA"]
[Date "2016.02.16"]
[Round "4"]
[White "Tondo, Stefano"]
[Black "Parisi, Gianmario"]
[WhiteElo "1663"]
[BlackElo "1783"]
[Result "0-1"]
[PlyCount "110"]
[EventDate "2016.01.26"]

1. d4 e6 2. e4 d5 3. Nc3 dxe4 4. Nxe4 Nd7 5. Nf3 Ngf6 6. Bg5 Be7 7. Ng3 b6 8.
Bd3 Bb7 9. Qe2 c5 10. O-O O-O 11. Rad1 Qc7 12. Ne4 Rac8 13. Ne5 Rfe8 14. Nxf6+
Nxf6 15. dxc5 Qxc5 16. Bxf6 Bxf6 17. Nd7 Qg5 18. Nxf6+ Qxf6 19. c3 Red8 20. Be4
Qe7 21. Qf3 Bxe4 22. Qxe4 Rc7 23. Qe2 Rcd7 24. Rfe1 Kf8 25. Kf1 Rd5 26. Rxd5
Rxd5 27. Rd1 Qd6 28. Ke1 Ke7 29. g3 Rxd1+ 30. Qxd1 Qxd1+ 31. Kxd1 Kd6 32. Kd2
Kd5 33. Kd3 b5 34. b3 a5 35. c4+ bxc4+ 36. bxc4+ Kc5 37. f4 f6 38. h4 h5 39.
Kc3 e5 40. Kd3 a4 41. a3 g6 42. fxe5 fxe5 43. Ke4 Kxc4 44. Kxe5 Kb3 45. Kf6
Kxa3 46. Kxg6 Kb4 47. Kxh5 a3 48. g4 a2 49. g5 a1=Q 50. Kg6 Qh8 51. h5 Kc5 52.
h6 Kd6 53. h7 Ke7 54. Kh6 Kf8 55. Kg6 Qg7+ 0-1

[Event "C.to Provinciale TO"]
[Site "Torino ITA"]
[Date "2016.02.16"]
[Round "4"]
[White "Zenere, Gabriele"]
[Black "Di Chiara, Mauro"]
[WhiteElo "1806"]
[BlackElo "1936"]
[Result "1-0"]
[PlyCount "67"]
[EventDate "2016.01.26"]

1. d4 Nf6 2. c4 g6 3. Nc3 Bg7 4. e4 d6 5. Nf3 O-O 6. h3 c5 7. Be3 cxd4 8. Nxd4
Nc6 9. Be2 Nxd4 10. Bxd4 Be6 11. O-O Qa5 12. Rc1 Rfc8 13. b3 a6 14. Qd3 Nd7 15.
Bxg7 Kxg7 16. f4 Qc5+ 17. Kh1 Qa7 18. Bf3 Rab8 19. g4 h6 20. Qd2 f6 21. Nd5
Bxd5 22. exd5 b5 23. Rfe1 Nf8 24. g5 hxg5 25. fxg5 f5 26. h4 bxc4 27. bxc4 Re8
28. h5 gxh5 29. Bxh5 Ng6 30. Qc3+ Kf7 31. Bxg6+ Kxg6 32. Re6+ Kf7 33. g6+ Kg8
34. Qh3 1-0

[Event "C.to Provinciale TO"]
[Site "Torino ITA"]
[Date "2016.02.23"]
[Round "5"]
[White "Di Chiara, Mauro"]
[Black "D'India, Bruno"]
[WhiteElo "1936"]
[BlackElo "1758"]
[Result "1-0"]
[PlyCount "91"]
[EventDate "2016.01.26"]

1. d4 d5 2. Nf3 Nf6 3. c4 Nc6 4. cxd5 Qxd5 5. Nc3 Qa5 6. Bd2 e5 7. e4 Bb4 8. d5
Ne7 9. Nxe5 Nxe4 10. Nxe4 Qxd5 11. Qa4+ Nc6 12. O-O-O Qxe4 13. Nxc6 Bxd2+ 14.
Rxd2 Qxc6+ 15. Qxc6+ bxc6 16. Be2 Be6 17. Bf3 Ke7 18. Bxc6 Rad8 19. Rhd1 Rd6
20. Ba4 Rhd8 21. b3 Rxd2 22. Rxd2 Rxd2 23. Kxd2 Kd6 24. Kc3 Bd5 25. g3 g5 26.
Kb4 Ke5 27. Kc5 f5 28. Bb5 f4 29. Bd3 h6 30. Bc2 Be4 31. Bd1 f3 32. a4 g4 33.
b4 Bb7 34. a5 a6 35. Bc2 Be4 36. Ba4 Bb7 37. b5 Ke4 38. Bc2+ Ke5 39. Bd3 axb5
40. Bxb5 Ke4 41. a6 Ba8 42. a7 c6 43. Bxc6+ Kd3 44. Bxa8 Ke2 45. Bb7 Kxf2 46.
a8=Q 1-0

[Event "C.to Provinciale TO"]
[Site "Torino ITA"]
[Date "2016.02.23"]
[Round "5"]
[White "Eandi, Arnaldo"]
[Black "Leoni, Alessandro"]
[WhiteElo "1676"]
[BlackElo "1937"]
[Result "1/2-1/2"]
[PlyCount "156"]
[EventDate "2016.01.26"]

1. Nf3 Nf6 2. d3 g6 3. g3 Bg7 4. Bg2 O-O 5. e4 d6 6. O-O c5 7. Nbd2 Nc6 8. c3
Rb8 9. Nc4 b5 10. Ne3 b4 11. Bd2 Ng4 12. Nd5 Nce5 13. Nxe5 Nxe5 14. Qc2 bxc3
15. Bxc3 Ba6 16. Rad1 e6 17. Ne3 Qb6 18. f4 c4 19. fxe5 Qxe3+ 20. Qf2 Qxf2+ 21.
Rxf2 Bxe5 22. d4 Bg7 23. Bf1 Rfc8 24. Rfd2 Bb5 25. Re1 Ba4 26. Rf2 Bb5 27. Re3
Bh6 28. Ref3 Bc6 29. d5 exd5 30. Rxf7 Be3 31. Rg7+ Kh8 32. exd5 Bxf2+ 33. Kxf2
h5 34. Rd7+ Kg8 35. dxc6 Rxc6 36. Bg2 Rcc8 37. Bd5+ Kf8 38. Bf6 Rc5 39. Be6 c3
40. Bxc3 Rxb2+ 41. Bxb2 Rc2+ 42. Ke3 Rxb2 43. h4 Rb5 44. Bb3 a5 45. Rxd6 Re5+
46. Kf3 Rc5 47. Ke4 a4 48. Bxa4 Ke7 49. Rd4 g5 50. hxg5 Rxg5 51. Kf4 Rc5 52.
Re4+ Kf6 53. Ke3 Rc3+ 54. Kf4 Rc5 55. Bb3 Rf5+ 56. Ke3 Rg5 57. Kf3 Rc5 58. Re6+
Kg5 59. Re3 Rf5+ 60. Kg2 h4 61. gxh4+ Kxh4 62. Re4+ Kg5 63. Kg3 Rc5 64. Rc4 Re5
65. Kf3 Kf6 66. a4 Ke6 67. Rc5+ Kf6 68. Rxe5 Kxe5 69. Bc4 Kd6 70. a5 Kc6 71.
Ke4 Kd6 72. Kd4 Kc6 73. Kc3 Kb7 74. Kb4 Ka7 75. a6 Ka8 76. Ka5 Ka7 77. Bd5 Kb8
78. a7+ Kxa7 1/2-1/2

[Event "C.to Provinciale TO"]
[Site "Torino ITA"]
[Date "2016.02.23"]
[Round "5"]
[White "Femia, Nicola"]
[Black "Zenere, Gabriele"]
[WhiteElo "1835"]
[BlackElo "1806"]
[Result "1-0"]
[PlyCount "75"]
[EventDate "2016.01.26"]

1. e4 c5 2. Nf3 Nc6 3. d4 cxd4 4. Nxd4 g6 5. Be2 Bg7 6. Be3 Nf6 7. Nc3 O-O 8.
O-O d5 9. exd5 Nxd5 10. Nxd5 Qxd5 11. Nxc6 Qxc6 12. c3 e5 13. Qb3 Be6 14. Qb5
Qxb5 15. Bxb5 Rfd8 16. a3 Bb3 17. Be2 f5 18. Bd1 Bc4 19. Re1 f4 20. Bc1 Rd6 21.
Bf3 Rad8 22. g3 g5 23. h4 h6 24. Kg2 b6 25. hxg5 hxg5 26. a4 Re8 27. gxf4 gxf4
28. Bxf4 Ree6 29. Bg3 Rd2 30. Rad1 Rxb2 31. Rd7 a6 32. Rc7 Bb3 33. c4 Re8 34.
Bd5+ Kf8 35. Re3 Re7 36. Rc8+ Re8 37. Rf3+ Ke7 38. Rf7+ 1-0

[Event "C.to Provinciale TO"]
[Site "Torino ITA"]
[Date "2016.02.23"]
[Round "5"]
[White "Finocchiaro, Gianluca"]
[Black "Malano, Francesco"]
[WhiteElo "2023"]
[BlackElo "1878"]
[Result "1/2-1/2"]
[PlyCount "57"]
[EventDate "2016.01.26"]

1. e4 c5 2. Nf3 e6 3. d4 cxd4 4. c3 dxc3 5. Nxc3 a6 6. a4 Nc6 7. Bc4 d6 8. O-O
Nf6 9. Qe2 Be7 10. Rd1 Qc7 11. Bf4 Ne5 12. Ba2 Bd7 13. Rac1 Qa5 14. b4 Qxb4 15.
Nxe5 dxe5 16. Bxe5 Bc6 17. Nd5 exd5 18. exd5 Bxa4 19. d6 Bxd1 20. Rxd1 Qe4 21.
Qxe4 Nxe4 22. dxe7 Kxe7 23. Re1 Nf6 24. Bf4+ Kf8 25. Bd6+ Kg8 26. Re7 h6 27.
Rxf7 Kh7 28. Bb1+ Kg8 29. Ba2 1/2-1/2

[Event "C.to Provinciale TO"]
[Site "Torino ITA"]
[Date "2016.02.23"]
[Round "5"]
[White "Gussone, Claudio"]
[Black "Tondo, Stefano"]
[WhiteElo "1752"]
[BlackElo "1663"]
[Result "0-1"]
[PlyCount "84"]
[EventDate "2016.01.26"]

1. Nf3 d5 2. g3 Nf6 3. Bg2 c5 4. d4 cxd4 5. O-O Nc6 6. Nxd4 e5 7. Nxc6 bxc6 8.
c4 Bb7 9. Bg5 Be7 10. cxd5 cxd5 11. Nc3 e4 12. Qa4+ Qd7 13. Qxd7+ Nxd7 14. Bxe7
Kxe7 15. Rfd1 Ke6 16. Nb5 Rhc8 17. Nd4+ Ke5 18. f4+ Kf6 19. Bh3 Rd8 20. g4 g6
21. g5+ Ke7 22. f5 a6 23. b4 Ne5 24. f6+ Kd6 25. b5 axb5 26. Nxb5+ Kc5 27. a4
Bc6 28. Nc3 Nc4 29. Rdc1 Ra5 30. e3 Rda8 31. Bf1 Bxa4 32. Nxe4+ Kb4 33. Bxc4
dxc4 34. Nd6 Bb3 35. Rab1 Rc5 36. Nxf7 c3 37. Ne5 c2 38. Rb2 Rd8 39. f7 Ka3 40.
Rxb3+ Kxb3 41. Nd7 Rxg5+ 42. Kf2 Rf5+ 0-1